000 01003nam a22003257a 4500
001 0074
003 DO-SdBNP
005 20180126152037.0
007 0074
008 151104b sp 1992 xxu||||| |||| 00| 0 spa d
020 _a9788420748030
040 _aBPMSU
_bspa
_cBPMSU
041 1 7 _aspa
_hpol
092 _axxxxxxxx
_bxxxxxxxx
100 1 0 _aMakuszynski, Kornel
245 1 4 _aLos ladrones de la luna /
_cKornel Makuszynski ; traducción Jesús Pulido Ruiz ; ilustración Elzbieta Wozniewska
260 _aMadrid, España :
_bAnaya,
_c1992.
300 _a254 p. :
_bil.,
_c20 cm.
490 1 0 _aTus libros
490 1 0 _aAventuras
_v1.1
504 _aIncluye referencias bibliográficas y notas al pie de las páginas
504 _aBibliografías : p. 253-254
700 1 0 _aPulido Ruiz, Jesús,
_etr.
700 1 0 _aWozniewska, Elzbieta,
_eil.
830 0 0 _aTus libros
830 0 0 _aAventuras
_n1.1
942 _2ddc
_cBK
945 _aInventariado, 2018 / YL
956 _aBTAVAREZ
_b10
_cBPMSU
999 _c8547
_d8547